عرض عادي
عرض مارك
- LoCastro, Virginia,
مدخل إسم شخص
001 - رقم الضبط
- حقل الضبط: 19391
003 - معرف رقم الضبط
- حقل الضبط: OSt
005 - تاريخ ووقت أخر عملية
- حقل الضبط: 20121231180942.0
008 - عناصر بيانات ثابتة الطول
- حقل تحكم ثابت الطول: 121231|||a|||||| | ||| d
040 ## - مصدر الفهرسة
- هيئة الفهرسة الأصلية: OSt
- وكالة الكتابة: OSt
100 ## - مدخل -- أسم شخص
- إسم شخص: LoCastro, Virginia,
- تواريخ مرتبطة بالاسم: 1945-
670 ## - بيانات المصدر موجوده
- الاستشهاد بالمصدر: Work cat.: (OSt)0: LoCastro, Virginia, 1945-, Pragmatics for language educators, 2012.
